MyGZULibrary

Public opinion / (Record no. 2368)

MARC details
000 -LEADER
fixed length control field 01111cam a2200301 a 4500
001 - CONTROL NUMBER
control field 4894614
003 - CONTROL NUMBER IDENTIFIER
control field GZU
005 - DATE AND TIME OF LATEST TRANSACTION
control field 20201029094435.0
008 - FIXED-LENGTH DATA ELEMENTS--GENERAL INFORMATION
fixed length control field 930420s1992 cau b 001 0 eng
010 ## - LIBRARY OF CONGRESS CONTROL NUMBER
LC control number 93143292
020 ## - INTERNATIONAL STANDARD BOOK NUMBER
International Standard Book Number 080394022X (c)
020 ## - INTERNATIONAL STANDARD BOOK NUMBER
International Standard Book Number 0803940238 (p)
040 ## - CATALOGING SOURCE
Original cataloging agency DLC
Transcribing agency DLC
Modifying agency DLC
050 00 - LIBRARY OF CONGRESS CALL NUMBER
Classification number HM261
Item number .P73 1992
082 00 - DEWEY DECIMAL CLASSIFICATION NUMBER
Classification number 303.3/8
Edition number 20
100 1# - MAIN ENTRY--PERSONAL NAME
Personal name Price, Vincent.
245 10 - TITLE STATEMENT
Title Public opinion /
Statement of responsibility, etc. Vincent Price.
260 ## - PUBLICATION, DISTRIBUTION, ETC.
Place of publication, distribution, etc. Newbury Park :
Name of publisher, distributor, etc. Sage Publications,
Date of publication, distribution, etc. c1992.
300 ## - PHYSICAL DESCRIPTION
Extent viii, 112 p. ;
Dimensions 23 cm.
440 #0 - SERIES STATEMENT/ADDED ENTRY--TITLE
Title Communication concepts,
International Standard Serial Number 1057-7440 ;
Volume/sequential designation 4
504 ## - BIBLIOGRAPHY, ETC. NOTE
Bibliography, etc. note Includes bibliographical references (p. 93-106) and index.
650 #0 - SUBJECT ADDED ENTRY--TOPICAL TERM
Topical term or geographic name entry element Public opinion.
856 42 - ELECTRONIC LOCATION AND ACCESS
Materials specified Publisher description
Uniform Resource Identifier <a href="http://www.loc.gov/catdir/enhancements/fy0655/93143292-d.html">http://www.loc.gov/catdir/enhancements/fy0655/93143292-d.html</a>
856 41 - ELECTRONIC LOCATION AND ACCESS
Materials specified Table of contents only
Uniform Resource Identifier <a href="http://www.loc.gov/catdir/enhancements/fy0655/93143292-t.html">http://www.loc.gov/catdir/enhancements/fy0655/93143292-t.html</a>
906 ## - LOCAL DATA ELEMENT F, LDF (RLIN)
a 7
b cbc
c orignew
d 2
e ncip
f 19
g y-gencatlg
942 ## - ADDED ENTRY ELEMENTS (KOHA)
Source of classification or shelving scheme Library of Congress Classification
Koha item type Books
Classification part 261
Item part PRI
Call number prefix HM
Holdings
Withdrawn status Lost status Damaged status Not for loan Collection code Home library Current library Shelving location Date acquired Inventory number Total Checkouts Full call number Barcode Date last seen Copy number Price effective from Koha item type
        Non-fiction City Campus Library City Campus Library General Stacks 10/29/2020 028205   HM261PRI1992 028205 10/29/2020 C.1 10/29/2020 Books
        Non-fiction City Campus Library City Campus Library General Stacks 10/29/2020 028186   HM261PRI1992 028186 10/29/2020 C.2 10/29/2020 Books
        Non-fiction Mashava Campus Library Mashava Campus Library General Stacks 05/12/2021     HM261PRI1992 028187 05/12/2021 c.3 05/12/2021 Books